Loading...
| Science - Chemistry | 0 | 5 | 0 | 2 | 50 | 63 | 94.00 | 1 | 5 |
| Philosophy | 0 | 4 | 0 | 1 | 40 | 123 | 131.50 | 0 | 4 |
| Science - Biology | 0 | 4 | 0 | 1 | 40 | 94 | 111.75 | 1 | 4 |
| Science - Other Science | 0 | 3 | 0 | 1 | 30 | 79 | 112.67 | 1 | 3 |
| Science - Physics | 0 | 3 | 0 | 0 | 30 | 80 | 92.67 | 0 | 3 |
| History - World History | 0 | 3 | 0 | 1 | 30 | 97 | 120.67 | 0 | 3 |
| History - Other History | 0 | 2 | 0 | 0 | 20 | 106 | 112.00 | 1 | 2 |
| Fine Arts - Visual Fine Arts | 0 | 2 | 0 | 1 | 20 | 131 | 140.50 | 0 | 2 |
| Mythology | 0 | 2 | 0 | 1 | 20 | 90 | 113.50 | 0 | 2 |
| History - American History | 0 | 2 | 0 | 0 | 20 | 104 | 109.50 | 1 | 2 |
| Literature - European Literature | 0 | 2 | 0 | 2 | 20 | 144 | 145.50 | 0 | 2 |
| Social Science | 0 | 2 | 1 | 0 | 15 | 84 | 99.50 | 0 | 2 |
| History - European History | 0 | 1 | 0 | 0 | 10 | 89 | 89.00 | 0 | 1 |
| Religion | 0 | 1 | 0 | 0 | 10 | 123 | 123.00 | 0 | 1 |
| Literature - British Literature | 0 | 1 | 0 | 0 | 10 | 108 | 108.00 | 1 | 1 |
| Fine Arts - Other Fine Arts | 0 | 1 | 0 | 0 | 10 | 95 | 95.00 | 0 | 1 |
| Current Events | 0 | 1 | 0 | 0 | 10 | 113 | 113.00 | 0 | 1 |
| Pop Culture | 0 | 0 | 1 | 0 | -5 | 0.00 | 0 | 0 | |
| Fine Arts - Auditory Fine Arts | 0 | 1 | 3 | 0 | -5 | 97 | 97.00 | 0 | 1 |